WWE Royal Rumble - All Women's Entrants List by First Name to 2026 - Statistics

General Stats
  • This quiz has been taken 513 times
    48 since last reset
  • The average score is 55 of 87
Answer Stats
No. NoR MRR WIN Answer % Correct
43 9 2026 W ('26) Liv Morgan
91%
2 5 2026 Alexa Bliss
88%
5 4 2026 W ('18) Asuka
88%
6 7 2026 W ('24) Bayley
88%
16 6 2026 W ('20, '25) Charlotte
88%
58 7 2026 Nikki Bella
88%
63 5 2026 W ('23) Rhea Ripley
88%
12 3 2026 Brie Bella
85%
55 7 2025 Naomi
85%
57 7 2026 Nia Jax
85%
85 4 2024 Xia Li
85%
7 5 2026 W ('19) Becky Lynch
82%
10 5 2025 W ('21) Bianca Belair
82%
65 4 2026 Roxanne Perez
82%
26 4 2026 Iyo Skye
79%
62 3 2026 Raquel Rodriguez
79%
13 1 2022 Cameron
76%
38 1 2026 Kiana James
76%
41 2 2026 Lash Legend
76%
72 1 2026 Sol Ruca
76%
1 1 2024 Alba Fyre
74%
33 5 2026 Kairi Sane
74%
37 3 2022 Kelly Kelly
74%
49 1 2022 Melina
74%
53 4 2022 Mickie James
74%
56 9 2026 Natalya
74%
69 2 2022 Sasha Banks
74%
81 2 2025 Trish Stratus
74%
8 2 2020 Beth Phoenix
71%
17 5 2026 Chelsea Green
71%
18 3 2023 Dakota Kai
71%
42 2 2022 Lita
71%
45 2 2026 Lyra Valkyria
71%
52 4 2025 Michin
71%
78 2 2026 Tiffany Stratton
71%
3 3 2022 Alicia Fox
68%
22 2 2026 Giulia
68%
28 1 2026 Jacy Jane
68%
29 1 2024 Jade Cargill
68%
48 3 2026 Maxxine Dupri
68%
61 3 2025 Piper Niven
68%
86 6 2026 Zelina Vega
68%
46 4 2021 Mandy Rose
65%
51 3 2023 Michelle McCool
65%
64 1 2022 W ('22) Ronda Rousey
65%
73 6 2025 Sonya Deville
65%
25 3 2026 Ivy Nile
62%
44 1 2026 Lola Vice
62%
54 3 2022 Molly Holly
62%
59 2 2022 Nikki Cross
62%
66 3 2021 Ruby Riott
62%
74 1 2025 Stephanie Vaquer
62%
36 1 2026 Kelani Jordan
59%
14 6 2026 Candice Lerae
56%
15 5 2022 Carmella
56%
32 3 2026 Jordynne Grace
56%
84 1 2021 Victoria
56%
9 2 2025 B-Fab
53%
30 1 2025 Jaida Parker
53%
40 3 2021 Lana
53%
70 6 2025 Shayna Baszler
53%
76 6 2023 Tamina
53%
82 5 2024 Valhalla
53%
83 1 2018 Vickie Guerrero
53%
19 6 2023 Dana Brooke
50%
24 1 2022 Ivory
50%
68 1 2020 Santina Marella
50%
71 5 2024 Shotzi
50%
77 3 2024 Tegan Nox
50%
79 2 2021 Toni Storm
50%
80 2 2021 Torrie Wilson
50%
11 2 2021 Billie Kay
47%
27 1 2018 Jacqueline
47%
31 1 2021 Jillian Hall
47%
34 2 2024 Katana Chance
47%
39 3 2023 Lacey Evans
47%
60 2 2021 Peyton Royce
47%
75 1 2022 Summer Rae
47%
87 3 2025 Zoey Stark
47%
20 3 2021 Ember Moon
44%
21 1 2023 Emma
41%
23 2 2024 Indi Hartwell
41%
35 1 2024 Kayden Carter
41%
47 1 2019 Maria Kanellis
38%
4 1 2022 Aliyah
35%
50 1 2020 Mercedes Martinez
29%
67 1 2021 Santana Garrett
29%
No matching quizzes found
Score Distribution
Percent of People with Each Score
Percentile by Number Answered
Your Score History
You have not taken this quiz since the last reset